El rescate de la Antigüedad clásica en Andalucía (Record no. 177814)

MARC details
000 -LEADER
campo de control de longitud fija 01199nam a22002895i 4500
001 - NÚMERO DE CONTROL
campo de control 177814
003 - IDENTIFICADOR DE NÚMERO DE CONTROL
campo de control ES-MaACL
005 - FECHA Y HORA DE LA ÚLTIMA TRANSACCIÓN
campo de control 20231219062537.0
008 - DATOS DE LONGITUD FIJA--INFORMACIÓN GENERAL
campo de control de longitud fija 110428s2008 sp ao |||| | spa d
017 ## - NÚMERO DE COPYRIGHT O DE DEPÓSITO LEGAL
Número de copyright o de depósito legal M-50460-2008
020 ## - NÚMERO INTERNACIONAL ESTÁNDAR DEL LIBRO
Número Internacional Estándar del Libro 9788489895201
080 ## - NÚMERO DE LA CLASIFICACIÓN DECIMAL UNIVERSAL
Número de la Clasificación Decimal Universal 7.032(37:460.35)(083.824)
080 ## - NÚMERO DE LA CLASIFICACIÓN DECIMAL UNIVERSAL
Número de la Clasificación Decimal Universal 904(460.35):7.032(37)(083.824)
245 03 - MENCIÓN DEL TÍTULO
Título El rescate de la Antigüedad clásica en Andalucía
Resto del título : [exposición celebrada en la] Fundación Focus-Abengoa, Hospital de los Venerables, Sevilla, 24 de noviembre de 2008-28 de febrero de 2009 /
Mención de responsabilidad, etc. [textos y fichas, Alain Schnapp ... et al.].
260 ## - PUBLICACIÓN, DISTRIBUCIÓN, ETC.
Lugar de publicación, distribución, etc. Sevilla :
Nombre del editor, distribuidor, etc. Fundación Focus Abengoa,
Fecha de publicación, distribución, etc. D. L. 2008.
300 ## - DESCRIPCIÓN FÍSICA
Extensión 333 p. :
Otras características físicas il. col. y n. ;
Dimensiones 28 cm.
500 ## - NOTA GENERAL
Nota general Índice.
504 ## - NOTA DE BIBLIOGRAFÍA, ETC.
Nota de bibliografía, etc. Bibliografía: p. 323-330.
650 #4 - PUNTO DE ACCESO ADICIONAL DE MATERIA--TÉRMINO DE MATERIA
Término de materia o nombre geográfico como elemento de entrada Arte romano-
Subdivisión geográfica Andalucía-
Subdivisión de forma Exposiciones.
9 (RLIN) 146310
651 #4 - PUNTO DE ACCESO ADICIONAL DE MATERIA--NOMBRE GEOGRÁFICO
Nombre geográfico Andalucía-
Subdivisión general Restos arqueológicos romanos-
Subdivisión de forma Exposiciones.
9 (RLIN) 146311
655 #7 - TERMINO DE INDIZACIÓN--GENERO/FORMA
Fuente del término tgfbne
9 (RLIN) 193628
Datos o término principal de género/forma Catálogos de exposiciones
700 1# - ENTRADA AGREGADA--NOMBRE PERSONAL
Nombre de persona Schnapp, Alain.
9 (RLIN) 146309
852 ## - LOCALIZACIÓN
Ubicación ES-MaACL
itemnumber R.144400
Número de control de estantería A-11104
Signatura antigua Olim:N-4109
Ubicación en estantería Depósito 1
903 ## - NOMBRE PERSONAL DE DONANTE
a Abellán, José Luis,
d 1933-2023
e Donante
q 1
9 176509
942 ## - ELEMENTOS DE ENTRADA SECUNDARIOS (KOHA)
Fuente del sistema de clasificación o colocación Clasificación decimal universal
Holdings
Estatus retirado Estado de pérdida Fuente del sistema de clasificación o colocación Estado de daño No para préstamo Biblioteca de origen Biblioteca actual Ubicación en estantería Fecha de adquisición Fuente de adquisición Número de control de estantería Total de préstamos Signatura topográfica completa Código de barras Visto por última vez Precio de reemplazo Tipo de ítem Koha
    Clasificación decimal universal     Biblioteca del Ateneo de Madrid Biblioteca del Ateneo de Madrid Depósito 1 28/04/2011 Donación 1   A-11104 1186798 23/02/2023 23/02/2023 Libro impreso